| 000 | 00782 a2200325 4500 | ||
|---|---|---|---|
| 260 | _aParis | ||
| 260 | _aMilan | ||
| 260 | _aBarcelone | ||
| 630 | _a57 - Biologie | ||
| 037 | _b2, Achat | ||
| 650 | _a5 - SCIENCES EXACTES ET NATURELLES | ||
| 100 | _aPercheron, F. | ||
| 700 | _aPerlès, R. | ||
| 700 | _aFoglieti, M. J. | ||
| 260 | _bMasson | ||
| 245 | _aBiochimie structurale et métabolique : bioénergétique, protides, enzymologie, acides nucléiques | ||
| 300 | _a286 p. | ||
| 650 | _aBiochimie | ||
| 260 | _c1991 | ||
| 300 | _b21cm | ||
| 100 | _lFr | ||
| 037 | _aS 6245 | ||
| 037 | _aS 6246 | ||
| 440 | _aAbréges | ||
| 250 | _a3e éd. révisée et augmentée | ||
| 020 | _a2-225-82318-9 | ||
| 440 | _x0761-0211 | ||
| 999 |
_c41624 _d41624 |
||